000 00951cab a22001935a 4500
001 L152524
008 110323e20110318xxk 000 0 eng d
035 _a(Sirsi) u152524
041 0 _aeng
100 1 _aLowery, Dave
245 0 0 _aWates wins £160m to go top
_bbusiness barometer, amount of work awarded in February dropped but big wins shuffle positions of top 10 contractors
260 _c2011
490 _aBuilding
_v276 (8670) 18 March 2011, 18-19(2)
520 _aOverview activity in February; tables of top contractors including and excluding civils for February 2011; yearly work won March 2010-February 2011; top architects, clients/promoters, and quantity surveyors March 2010 to February 2011 using information from Barbour ABI and CPA. Looks at government cuts, the slow moving housing market recovery, and output.
590 _aKA
651 4 _aUnited Kingdom
_y
690 _aBUILT ENVIRONMENT-CONSTRUCTION MARKET
942 _n0
999 _c82986
_d82986